000 01028nam2a22002651 4500
001 v19\rc\1851729
005 20251118180118.9
035 _a(NLR Aleph) 004946851
090 _a5840382
_c5840382
100 _a20080221d1909 u y0rusy50 ca
101 0 _arus
102 _aRU
105 _ay z |||||
200 0 _aВып. 1
210 _d1909
215 _a16 с.
461 0 _1001v19\rc\1851728
_12001#$aГнездышко юмора и сатиры$fСоч. артиста Александра Злобова. Вып. 1-$vВып. 1
_1700#1$aЗлобов$bА.$gАлександр
_95840376
_aЗлобов, А.
_cКазань
_d1909
_fСоч. артиста Александра Злобова. Вып. 1-
_nтипо-лит. п/ф. И.В. Ермолаева
_tГнездышко юмора и сатиры
_vВып. 1
801 0 _aRU
_bNLR
_gpsbo
801 0 _aRU
_bRuMoRGB
_2psbo
801 1 _aRU
_bProSoft-M
_2rusmarc
852 _aNLR
_j34.50.8.739
899 _aRuMoRGB
_jP 103/159
899 _aБАН
942 _cBOOK
980 _aNB